Guide to rural youth organization based on a pilot project. (Record no. 70158)
[ view plain ]
| 000 -LEADER | |
|---|---|
| fixed length control field | 00882cam a22002531 4500 |
| 001 - CONTROL NUMBER | |
| control field | sa 66005809 |
| 003 - CONTROL NUMBER IDENTIFIER | |
| control field | DLC |
| 005 - DATE AND TIME OF LATEST TRANSACTION | |
| control field | 20260227112252.0 |
| 008 - FIXED-LENGTH DATA ELEMENTS--GENERAL INFORMATION | |
| fixed length control field | 900409s1963 ii ak 000 0 eng |
| 010 ## - LIBRARY OF CONGRESS CONTROL NUMBER | |
| LC control number | sa 66005809 |
| 025 ## - OVERSEAS ACQUISITION NUMBER | |
| Overseas acquisition number | PL480:I-E-5635 |
| 035 ## - SYSTEM CONTROL NUMBER | |
| System control number | (OCoLC)21350830 |
| 040 ## - CATALOGING SOURCE | |
| Original cataloging agency | DLC |
| Transcribing agency | WaU |
| Modifying agency | WaU |
| -- | DLC |
| 042 ## - AUTHENTICATION CODE | |
| Authentication code | premarc |
| 043 ## - GEOGRAPHIC AREA CODE | |
| Geographic area code | a-ii--- |
| 050 00 - LIBRARY OF CONGRESS CALL NUMBER | |
| Classification number | HN690.U8 |
| Item number | L8 no. 312 |
| 110 1# - MAIN ENTRY--CORPORATE NAME | |
| Corporate name or jurisdiction name as entry element | Uttar Pradesh (India). |
| Subordinate unit | Planning Research and Action Institute. |
| 245 10 - TITLE STATEMENT | |
| Title | Guide to rural youth organization based on a pilot project. |
| 250 ## - EDITION STATEMENT | |
| Edition statement | Rev. ed. |
| 260 ## - PUBLICATION, DISTRIBUTION, ETC. | |
| Place of publication, distribution, etc. | [Lucknow] |
| Name of publisher, distributor, etc. | Planning Research and Action Institute, Planning Dept., U. P. |
| Date of publication, distribution, etc. | [1963] |
| 300 ## - PHYSICAL DESCRIPTION | |
| Extent | 2, 92 p. |
| Other physical details | illus., forms. |
| Dimensions | 25 cm. |
| 410 10 - SERIES STATEMENT/ADDED ENTRY--CORPORATE NAME [OBSOLETE, CAN/MARC], [LOCAL, USA] | |
| Corporate name or jurisdiction name as entry element | Uttar Pradesh (India). |
| Subordinate unit | Planning Research and Action Institute. |
| Title of a work | P. R. A. I. pubication, |
| Volume number/sequential designation | no. 312 |
| 650 #0 - SUBJECT ADDED ENTRY--TOPICAL TERM | |
| Topical term or geographic name entry element | Rural youth |
| Geographic subdivision | India |
| -- | Uttar Pradesh. |
No items available.